<?xml version="1.0" encoding="UTF-8"?>
<collection xmlns="http://www.loc.gov/MARC21/slim">
<record>
  <controlfield tag="001">163342</controlfield>
  <controlfield tag="005">20251028143403.0</controlfield>
  <datafield tag="024" ind1="8" ind2=" ">
    <subfield code="2">innovaciondocente</subfield>
    <subfield code="a">5336</subfield>
  </datafield>
  <datafield tag="037" ind1=" " ind2=" ">
    <subfield code="a">INNODOC-2024-5336</subfield>
  </datafield>
  <datafield tag="041" ind1=" " ind2=" ">
    <subfield code="a">spa</subfield>
  </datafield>
  <datafield tag="100" ind1=" " ind2=" ">
    <subfield code="0">(orcid)0000-0002-3771-8994</subfield>
    <subfield code="a">Murillo Esteban, María Benita</subfield>
    <subfield code="e">coord.</subfield>
  </datafield>
  <datafield tag="245" ind1=" " ind2=" ">
    <subfield code="a">IMPLANTACION DE LA COMPETENCIA TRANSVERSAL RD1, DEMOCRACIA Y SOSTENIBILIDAD DE LA UZ EN LAS TITULACIONES TIC DE LA EINA.</subfield>
  </datafield>
  <datafield tag="260" ind1=" " ind2=" ">
    <subfield code="a">Zaragoza</subfield>
    <subfield code="b">Universidad de Zaragoza</subfield>
    <subfield code="c">2024</subfield>
  </datafield>
  <datafield tag="520" ind1="3" ind2=" ">
    <subfield code="a">La Escuela de Ingeniería y Arquitectura avanza año tras año en su compromiso con la formación para el desarrollo sostenible (meta 4.7 de los ODS de la Agenda 2030). Tras el desarrollo del marco general para la competencia RD1 de la UZ (democracia y sostenibilidad) en el conjunto de sus títulos y actualmente en desarrollo, el presente proyecto plantea adaptar dicho marco para las titulaciones TIC e implementar una estrategia específica en sus Asignaturas Punto Control. Las particularidades y demandas de este sector profesional, unido a la necesaria aportación del mismo para el abordaje de los desafíos globales del planeta y la humanidad así como para la preservación de los valores democráticos, exigen una adaptación propia del marco general en estas titulaciones.</subfield>
  </datafield>
  <datafield tag="700" ind1=" " ind2=" ">
    <subfield code="a">Camacho Sancho, Adrián</subfield>
  </datafield>
  <datafield tag="700" ind1=" " ind2=" ">
    <subfield code="0">(orcid)0000-0002-0824-5833</subfield>
    <subfield code="a">Valero Bresó, Alejandro</subfield>
  </datafield>
  <datafield tag="700" ind1=" " ind2=" ">
    <subfield code="0">(orcid)0000-0001-7901-9174</subfield>
    <subfield code="a">Carretero Chamarro, Claudio</subfield>
  </datafield>
  <datafield tag="700" ind1=" " ind2=" ">
    <subfield code="a">Ricarte Rabadán, Cristina Emilia</subfield>
  </datafield>
  <datafield tag="700" ind1=" " ind2=" ">
    <subfield code="a">Carrizo Pérez, Daniel</subfield>
  </datafield>
  <datafield tag="700" ind1=" " ind2=" ">
    <subfield code="0">(orcid)0000-0002-7490-4067</subfield>
    <subfield code="a">Suárez Gracia, Darío</subfield>
  </datafield>
  <datafield tag="700" ind1=" " ind2=" ">
    <subfield code="0">(orcid)0000-0003-4413-0977</subfield>
    <subfield code="a">Bernués del Río, Emiliano</subfield>
  </datafield>
  <datafield tag="700" ind1=" " ind2=" ">
    <subfield code="a">Rimacuna Castillo, Eryka Liced</subfield>
  </datafield>
  <datafield tag="700" ind1=" " ind2=" ">
    <subfield code="0">(orcid)0000-0002-4443-0614</subfield>
    <subfield code="a">Mateo Gascón, Francisco Javier</subfield>
  </datafield>
  <datafield tag="700" ind1=" " ind2=" ">
    <subfield code="0">(orcid)0000-0002-2887-2105</subfield>
    <subfield code="a">Martínez Ruiz, Ignacio</subfield>
  </datafield>
  <datafield tag="700" ind1=" " ind2=" ">
    <subfield code="0">(orcid)0000-0002-7532-2720</subfield>
    <subfield code="a">Resano Ezcaray, Jesús Javier</subfield>
  </datafield>
  <datafield tag="700" ind1=" " ind2=" ">
    <subfield code="0">(orcid)0000-0003-0668-977X</subfield>
    <subfield code="a">Neira Parra, José</subfield>
  </datafield>
  <datafield tag="700" ind1=" " ind2=" ">
    <subfield code="0">(orcid)0000-0002-8007-5613</subfield>
    <subfield code="a">Artigas Maestre, José Ignacio</subfield>
  </datafield>
  <datafield tag="700" ind1=" " ind2=" ">
    <subfield code="0">(orcid)0000-0001-5940-9837</subfield>
    <subfield code="a">Briz Velasco, José Luis</subfield>
  </datafield>
  <datafield tag="700" ind1=" " ind2=" ">
    <subfield code="0">(orcid)0000-0002-8682-745X</subfield>
    <subfield code="a">Gallego Martínez, José Ramón</subfield>
  </datafield>
  <datafield tag="700" ind1=" " ind2=" ">
    <subfield code="0">(orcid)0000-0002-4489-9543</subfield>
    <subfield code="a">Sarasa Alonso, Judith</subfield>
  </datafield>
  <datafield tag="700" ind1=" " ind2=" ">
    <subfield code="0">(orcid)0000-0002-5237-0447</subfield>
    <subfield code="a">Fernández Navajas, Julián</subfield>
  </datafield>
  <datafield tag="700" ind1=" " ind2=" ">
    <subfield code="0">(orcid)0000-0003-4391-5203</subfield>
    <subfield code="a">Vicente Borruel, Luis</subfield>
  </datafield>
  <datafield tag="700" ind1=" " ind2=" ">
    <subfield code="0">(orcid)0000-0001-6008-1138</subfield>
    <subfield code="a">Trillo Lado, Raquel</subfield>
  </datafield>
  <datafield tag="700" ind1=" " ind2=" ">
    <subfield code="0">(orcid)0000-0002-7073-219X</subfield>
    <subfield code="a">Ilarri Artigas, Sergio</subfield>
  </datafield>
  <datafield tag="856" ind1="4" ind2=" ">
    <subfield code="s">639464</subfield>
    <subfield code="u">http://zaguan.unizar.es/record/163342/files/memoria_PICT_2024_5336.pdf</subfield>
    <subfield code="y">Memoria del proyecto</subfield>
  </datafield>
  <datafield tag="970" ind1=" " ind2=" ">
    <subfield code="a">INNODOC-2024-5336</subfield>
  </datafield>
  <datafield tag="980" ind1=" " ind2=" ">
    <subfield code="a">INNODOC</subfield>
    <subfield code="b">PICT</subfield>
  </datafield>
</record>
</collection>